[Event "Mataro op 11th"]
[Site "Mataro"]
[Date "2014.11.08"]
[Round "7"]
[White "Casamayor Alentorn, Oscar"]
[Black "Gonzalez Cominelli, Alejo Gabriel"]
[Result "0-1"]
[WhiteElo "1702"]
[BlackElo "1789"]
[PlyCount "38"]
[EventDate "2014.09.27"]
[EventType "swiss"]
[EventRounds "9"]
[EventCountry "ESP"]
[SourceTitle "EXT 2016"]
[Source "ChessBase"]
[SourceDate "2015.10.08"]
[SourceVersion "1"]
[SourceVersionDate "2015.10.08"]
[SourceQuality "1"]

1. e4 e5 2. f4 exf4 3. Nf3 g5 4. d4 Bg7 5. Bc4 g4 6. Bxf4 gxf3 7. Qxf3 Nf6 8. Bg5 0-0 9. 0-0 d6 10. e5 dxe5 11. dxe5 Qd4+ 12. Kh1 Ne4 13. Bxf7+ Kh8 14. Be7 Bg4 15. Qf4 Bxe5 16. Qxg4 Nf2+ 17. Rxf2 Qxg4 18. Bxf8 Qd1+ 19. Rf1 Qxf1# 0-1

[Event "Llinars del Valles op-B 8th"]
[Site "Llinars del Valles"]
[Date "2014.04.26"]
[Round "1"]
[White "Casamayor Alentorn, Oscar"]
[Black "Capallera Guirado, Ferran"]
[Result "0-1"]
[WhiteElo "1700"]
[BlackElo "1867"]
[PlyCount "56"]
[EventDate "2014.04.26"]
[EventType "swiss"]
[EventRounds "8"]
[EventCountry "ESP"]
[SourceTitle "EXT 2015"]
[Source "ChessBase"]
[SourceDate "2014.11.20"]
[SourceVersion "1"]
[SourceVersionDate "2014.11.20"]
[SourceQuality "1"]

1. e4 e5 2. f4 exf4 3. Nf3 Nc6 4. Nc3 g5 5. h4 g4 6. Ng5 h6 7. Nxf7 Kxf7 8. Bc4+ d5 9. Bxd5+ Kg7 10. d4 Nce7 11. Bxf4 Ng6 12. Be5+ Nxe5 13. dxe5 Bc5 14. e6 h5 15. Na4 Be7 16. g3 c6 17. Bb3 Qa5+ 18. c3 Qe5 19. Qd3 b5 20. Nc5 Bxc5 21. Qd8 Qxe4+ 22. Kd2 Qg2+ 23. Kc1 Qxh1+ 24. Bd1 Ne7 25. Qd3 Bxe6 26. b4 Rad8 27. Qe2 Be3+ 28. Kb2 Rd2+ 0-1